000 00676nam a2200301Ia 4500
005 20260401122452.0
008 008 250103s9999 xx 000 0 eng d
020 _a9781107691056
037 _aTB
040 _aEDL
040 _beng
040 _cEDL
041 _2eng
041 _aeng
084 _a821.91HAR
084 _qEDL
100 _aHarding, Jason
_91233635
245 4 _aThe Cambridge companion to T.S. Eliot
245 0 _cHarding, Jason
260 _aNew York
260 _bCambridge University Press
260 _c2017
300 _a212p
942 _cTB
942 _h821.91HAR
999 _c1847481
_d1847481